Wireless - the crucial decade : history of the British wireless industry 1924-34.

Bibliographic Details
Main Author: Bussey, Gordon
Format: Book
Language:English
Published: [Place of publication not identified] : Peregrinus, 1990.
Series:History of technology series.
Subjects:

MARC

Tag First Indicator Second Indicator Subfields
LEADER 00000cam a22000008a 4500
001 in00001007161
005 20150927214942.0
008 900620s1990 enk 00000 eng d
010 |a gb 90036431  
015 |a GB90-36431 
020 |a 0863411886 :  |c No price 
035 |a (OCoLC)22005546 
035 |9 AFD5580AM 
040 |a UKM  |c UKM  |d UtOrBLW 
049 |a TXAM 
050 1 4 |a TK6563 
082 0 4 |a 621.3841809042  |2 20 
090 |a TK6563  |b .B88 1990 
100 1 |a Bussey, Gordon. 
245 1 0 |a Wireless - the crucial decade :  |b history of the British wireless industry 1924-34. 
263 |a 9006 
264 1 |a [Place of publication not identified] :  |b Peregrinus,  |c 1990. 
300 |a 121 pages :  |b illustrations 
336 |a text  |b txt  |2 rdacontent 
337 |a unmediated  |b n  |2 rdamedia 
338 |a volume  |b nc  |2 rdacarrier 
650 0 |a Radio  |x Receivers and reception  |x Collectors and collecting. 
830 0 |a History of technology series. 
999 |a MARS 
999 f f |s 10e7a297-93d7-3f87-8a2a-1e44d46affd9  |i aa71d3de-1828-307f-9f47-cab99e3532d5  |t 0 
952 f f |p ric  |a Texas A&M University  |b Rellis Campus  |c Joint Library Facility  |s JLF  |d Remote Storage  |t 0  |e TK6563 .B88 1990  |h Library of Congress classification  |i unmediated -- volume  |m A14814375579 
998 f f |a TK6563 .B88 1990  |t 0  |l Remote Storage